Cose nazionali in Italia - Statistics

Statistiche generali
  • Questo quiz è stato fatto 121 volte
  • Il punteggio medio è 3 su 15
Statistiche sulle risposte
Suggerimento Risposta % Corretto
Sport Calcio
80%
Colori Azzurro | Verde | Rosso | Bianco
78%
Dolce Tiramisù
51%
Animale Lupo
49%
Fiore Giglio
22%
Strumenti Musicali Fisarmonica popolare | Flauto popolare | Cornamuse
10%
Inno Il Canto degli Italiani
10%
Giochi da Tavolo Tombola
5%
Albero Corbezzolo
2%
Verdura Lattuga
0%
Vacanze Lunedi di Pasqua | Giorno della Liberazione | Giornata internazionale dei lavoratori | Giorno della Repubblica
0%
Squadra di basket Nazionale italiana di pallacanestro maschile
0%
Uccello Passero italiano
0%
Compagnia dei pastelli Pastello
0%
Cibo Ragù alla Bolognese
0%
Nessun quiz corrispondente trovato
Distribuzione punteggi
Percentuale di utenti per punteggio
Percentile per numero di risposta
I tuoi punteggi nel tempo
Non hai fatto questo quiz